Derecho de la Unión Europea. (Record no. 14502)

MARC details
000 -LEADER
campo de control de longitud fija 00739nam a22002295i 4500
001 - NÚMERO DE CONTROL
campo de control 14502
003 - IDENTIFICADOR DE NÚMERO DE CONTROL
campo de control ES-MaACL
005 - FECHA Y HORA DE LA ÚLTIMA TRANSACCIÓN
campo de control 20250808085803.0
007 - CAMPO FIJO DE DESCRIPCIÓN FÍSICA--INFORMACIÓN GENERAL
campo de control de longitud fija t|
008 - DATOS DE LONGITUD FIJA--INFORMACIÓN GENERAL
campo de control de longitud fija 951207m19959999sp ||||0| spa j
020 ## - NÚMERO INTERNACIONAL ESTÁNDAR DEL LIBRO
Número Internacional Estándar del Libro 84-7248-274-X
040 ## - FUENTE DE CATALOGACIÓN
Centro catalogador/agencia de origen M-BN
Lengua de catalogación spa
Centro/agencia transcriptor M-BN
080 ## - NÚMERO DE LA CLASIFICACIÓN DECIMAL UNIVERSAL
Número de la Clasificación Decimal Universal 34(4-672 CE)(075.8)
080 ## - NÚMERO DE LA CLASIFICACIÓN DECIMAL UNIVERSAL
Número de la Clasificación Decimal Universal 35(4-672 CE)(075.8)
245 00 - MENCIÓN DEL TÍTULO
Título Derecho de la Unión Europea.
Nombre de parte o sección de la obra I. Antecedentes, instituciones, fuentes y jurisdicción /
Mención de responsabilidad, etc. Enrique Linde Paniagua ... [et al.].
260 ## - PUBLICACIÓN, DISTRIBUCIÓN, ETC.
Lugar de publicación, distribución, etc. Madrid :
Nombre del editor, distribuidor, etc. Marcial Pons,
Fecha de publicación, distribución, etc. 1995.
300 ## - DESCRIPCIÓN FÍSICA
Extensión 434 p. ;
Dimensiones 24 cm.
650 #7 - PUNTO DE ACCESO ADICIONAL DE MATERIA--TÉRMINO DE MATERIA
Término de materia o nombre geográfico como elemento de entrada Derecho comunitario
Fuente del encabezamiento o término embne
9 (RLIN) 11677
700 1# - ENTRADA AGREGADA--NOMBRE PERSONAL
Nombre de persona Linde Paniagua, Enrique.
9 (RLIN) 72382
852 ## - LOCALIZACIÓN
Ubicación ES-MaACL
Número de control de estantería L-21815
Sublocalización o colección R.127159
Holdings
Estatus retirado Estado de pérdida Estado de daño No para préstamo Biblioteca de origen Biblioteca actual Ubicación en estantería Fecha de adquisición Fuente de adquisición Total de préstamos Signatura topográfica completa Código de barras Visto por última vez Precio de reemplazo Tipo de ítem Koha
        Biblioteca del Ateneo de Madrid Biblioteca del Ateneo de Madrid Depósito 2 17/01/2008     L-21815 1014750 23/02/2023 23/02/2023 Libro impreso